Welcome to CU Library Online Public Access Catalogue (OPAC)

Using & understanding mathematics : (Record no. 467)

MARC details
000 -LEADER
fixed length control field 00710cam a2200229 a 4500
001 - CONTROL NUMBER
control field 15936962
005 - DATE AND TIME OF LATEST TRANSACTION
control field 20241031143816.0
008 - FIXED-LENGTH DATA ELEMENTS--GENERAL INFORMATION
fixed length control field 091008s2011 maua 001 0 eng
020 ## - INTERNATIONAL STANDARD BOOK NUMBER
International Standard Book Number 0321652797
020 ## - INTERNATIONAL STANDARD BOOK NUMBER
International Standard Book Number 9780321652799
050 00 - LIBRARY OF CONGRESS CALL NUMBER
Classification number QA39.3
Item number .B46 2011
082 00 - DEWEY DECIMAL CLASSIFICATION NUMBER
Classification number 510
Edition information 22
100 1# - MAIN ENTRY--PERSONAL NAME
Personal name Bennett, Jeffrey O.
245 10 - TITLE STATEMENT
Title Using & understanding mathematics :
Remainder of title a quantitative reasoning approach /
Statement of responsibility, etc. Jeffrey Bennett, William Briggs.
250 ## - EDITION STATEMENT
Edition statement 5th ed.
260 ## - PUBLICATION, DISTRIBUTION, ETC.
Place of publication, distribution, etc. Boston :
Name of publisher, distributor, etc. Addison Wesley,
Date of publication, distribution, etc. c2011.
300 ## - PHYSICAL DESCRIPTION
Extent xix, 676, [47] p. :
Other physical details ill (some col.) ;
Dimensions 28 cm.
500 ## - GENERAL NOTE
General note Includes indexes.
650 #0 - SUBJECT ADDED ENTRY--TOPICAL TERM
Topical term or geographic name entry element Mathematics
Form subdivision Textbooks.
700 1# - ADDED ENTRY--PERSONAL NAME
Personal name Briggs, William L.
942 ## - ADDED ENTRY ELEMENTS (KOHA)
Source of classification or shelving scheme Library of Congress Classification
Koha item type Books
Edition 5th Ed.
Suppress in OPAC No
999 ## -
-- 467
-- 467
Holdings
Withdrawn status Lost status Source of classification or shelving scheme Damaged status Not for loan Collection Home library Current library Shelving location Date acquired Total checkouts Full call number Barcode Date last seen Copy number Price effective from Koha item type
    Library of Congress Classification     Non-fiction Science Library (Miotso) Science Library (Miotso) General stacks 10/31/2024   QA39.3 B46 2011 SLM00000271 10/31/2024 1 10/31/2024 Books
© 2023-2024 Copyright: Central University Libraries. All Rights Reserved | Created by: Mahone Tech Office